Education in emerging global society / (Record no. 14804)

MARC details
000 -LEADER
fixed length control field 00874nam a22002537a 4500
005 - DATE AND TIME OF LATEST TRANSACTION
control field 20080811141834.0
008 - FIXED-LENGTH DATA ELEMENTS--GENERAL INFORMATION
fixed length control field 080811t xxu||||| |||| 00| 0 eng d
010 ## - LCCN (DPL NO)
LC control number ENG-90705
020 ## - INTERNATIONAL STANDARD BOOK NUMBER
Terms of availability 595.00
International Standard Book Number 8184350767
035 ## - SYSTEM CONTROL NUMBER
System control number EN-74238
037 ## - SOURCE OF ACQUISITION
Source of stock number/acquisition DBAD / PUB
040 ## - CATALOGING SOURCE
Original cataloging agency DPL
Language of cataloging ENGLISH
082 ## - DEWEY DECIMAL CLASSIFICATION NUMBER
Classification number 370.11
100 ## - MAIN ENTRY--PERSONAL NAME
Personal name Singh, M.S.
245 ## - TITLE STATEMENT
Title Education in emerging global society /
Statement of responsibility, etc by M.S. Singh
260 ## - PUBLICATION, DISTRIBUTION, ETC. (IMPRINT)
Place of publication, distribution, etc New Delhi
Name of publisher, distributor, etc Adhyayan Publishers & Distributors
Date of publication, distribution, etc 2007
300 ## - PHYSICAL DESCRIPTION
Extent vi, 228p.
Dimensions 22 cm.(Hb)
500 ## - GENERAL NOTE
General note Includes bibliographical references and index
650 ## - SUBJECT ADDED ENTRY--TOPICAL TERM
Topical term or geographic name as entry element Education
650 ## - SUBJECT ADDED ENTRY--TOPICAL TERM
Topical term or geographic name as entry element Teaching
650 ## - SUBJECT ADDED ENTRY--TOPICAL TERM
Topical term or geographic name as entry element Learning
942 ## - ADDED ENTRY ELEMENTS (KOHA)
Source of classification or shelving scheme Dewey Decimal Classification
Item type English Books
Classification part 370.11
Call number suffix SIN
Holdings
Withdrawn status Lost status Source of classification or shelving scheme Damaged status Not for loan Collection code Home library Current library Date acquired Source of acquisition Cost, normal purchase price Total Checkouts Full call number Barcode Date last seen Cost, replacement price Koha item type
    Dewey Decimal Classification   Not For Loan Non-fiction D.B.Act.Division D.B.Act.Division 12/08/2008 DBAD / PUB 595.00   370.11 SIN EN-74238 15/09/2008 595.00 English Books

© Delhi Public Library
Hit Counter
free hit counter